00859nas a2200277 4500001001300000003000900013005001700022007000300039008003400042040005400076041000900130072000800139100002000147100001700167100001800184100001400202100001800216100001500234245011100249650001200360650002500372650001000397650001400407773008000421856008000501BR2015002146BR-BrBNA20231205125214.0ta230509b bl.|||p| |||| 00| 00por d aBR-BrBNAbporcBiblioteca Nacional de Agricultura a(Pt) aM121 aBittencourt, F.1 aSignor, A.A.1 aBoscolo, W.R.1 aLui, T.A.1 aBoscolo, R.J.1 aFeiden, A.1 aDietas farelada, peletizada ou pastosa para larvas de surubim do Iguaçu Steindachneridion melanodermatum aSURUBIM aPEIXE DE ÁGUA DOCE aLARVA aRAÇÃO0 tActa Iguazu (Brazil)xISSN 2316-4093 g(2012), v. 1(3) p. 1-7wBR201500214640uhttp//e-revista.unioeste.br/index.php/actaiguazu/article/download/7083/5236